149_ Personnalités nées un 29 mai par images - Statistiques

Statistiques générales
  • Ce quiz a été pris 20 fois
  • Le résultat moyen est 3 sur 9
Statistiques - réponses
Par images Hint Réponse % Correct
Dirigeant Politique John Fitzgerald Kennedy
100%
Militante Louise Michel
53%
Chanteuse Catherine Lara
42%
Cycliste Thibaut Pinot
42%
Footballeur Nicolas Pépé
26%
Compositeur Danny Elfman
11%
Actrice Annette Bening
5%
Joueur d'échecs Dommaraju Gukesh
5%
Acteur Ted Levine
0%
Aucun quiz correspondant
Distribution des résultats
% des personnes avec chaque résultat
Percentile par nombre de réponses
Votre historique - résultats
Vous n’avez pas pris ce quiz